[Event "Portugal Open 2020"]
[Site "Lisbon"]
[Date "2020.01.28"]
[Round "5.14"]
[White "Jaracz, Barbara"]
[Black "Goluch, Piotr"]
[Result "0-1"]
[WhiteElo "2200"]
[BlackElo "2413"]
[Annotator "TA"]
[PlyCount "128"]
[EventDate "2020.01.25"]
[EventType "swiss"]
[EventCountry "POR"]
[SourceTitle "playchess.com"]
[Source "ChessBase"]
[SourceQuality "1"]

{[%evp 17,128,10,27,15,33,-3,3,0,9,2,0,0,16,0,4,0,2,-40,-18,-39,-29,-34,-24,-25,-26,-52,0,-2,0,-1,0,0,0,-19,-18,-35,0,-18,0,0,0,0,0,0,0,-15,-10,-32,8,8,8,8,8,8,8,8,12,14,14,14,14,15,15,0,0,0,0,0,0,0,0,0,0,0,0,0,0,0,0,0,0,0,0,-8,0,0,0,0,0,0,0,0,0,0,0,0,0,0,0,0,0,0,0,0,0,0,0,0,0,-8,-8,-29977,-29976]} 1. e4 c5 2. Nf3 d6 3. d4 cxd4 4. Nxd4 Nf6 5. Nc3 a6 6. Be3 e5 7. Nb3 Be6 8. f3 Nbd7 9. g4 b5 10. g5 {B90: Sicilian Najdorf: Unusual White 6th moves, 6 Be3 Ng4 and 6 Be3 e5} (10. a4 b4 11. Nd5 Bxd5 12. exd5 Nb6 13. Bg1 h6 14. f4 Be7 15. a5 Nbd7 16. fxe5 Nxe5 17. Qe2 Nfxg4 {1-0 (49) Aronian,L (2775)-Sarana,A (2663) Moscow 2019}) 10... b4 11. Nd5 (11. Ne2 $5 {[%cal Rg5f6]} Nh5 12. a3 $11) 11... Nxd5 12. exd5 {The position is equal.} Bf5 13. Bd3 Bxd3 14. Qxd3 Be7 15. h4 O-O 16. Nd2 f5 $146 ({Predecessor:} 16... a5 17. O-O-O a4 {0-1 (31) Guaimare,C (1800)-Weiss,L (1811) IECG email 2006}) 17. gxf6 Nxf6 18. O-O-O $1 Nh5 19. Rdg1 Qd7 20. Rg4 a5 21. Rhg1 Qf5 22. Qxf5 Rxf5 23. c4 bxc3 24. bxc3 g6 25. c4 Rc8 {aiming for ...Nf6.} 26. Kd1 Ng7 27. Ke2 Rh5 28. Ne4 Nf5 29. Bg5 Bxg5 30. Rxg5 Rxg5 31. hxg5 Rxc4 $11 {[%mdl 4096] Endgame KRN-KRN} 32. Rb1 Rb4 (32... Kf7 {looks sharper.} 33. Rb7+ Ke8 34. Rxh7 Rc2+ 35. Kd3 Rxa2 36. Kc4 Rb2) 33. Rxb4 axb4 {KN-KN} 34. Kd3 Kf7 35. Kc4 Ne3+ 36. Kxb4 Nxd5+ 37. Kb5 {Hoping for a4.} Ke6 38. a4 Ne7 39. a5 d5 40. Nc5+ Kd6 41. Nb7+ Kc7 42. Nc5 Nc8 43. Ne6+ Kd6 44. Nc5 d4 45. Ne4+ Kd5 46. Nf6+ Ke6 47. Kc6 h5 48. a6 h4 (48... d3 $5 49. Ne4 $8 h4 50. Nc5+ {[%mdl 64] Double Attack} Kf5 51. Nxd3 h3 $11) 49. Kb7 h3 50. Ng4 Kd7 51. Nxe5+ Kd6 (51... Ke6 $5 52. Ng4 $8 Kd7 $11) 52. Kxc8 {KN-K3P} ({Avoid the trap} 52. Ng4 $2 {[#]} Na7 $1 $19 {[%mdl 512]}) 52... h2 53. a7 h1=Q 54. Nf7+ Ke7 55. a8=Q {White threatens Qb7+ and mate.} Qh3+ 56. Kc7 {Threatening mate with Ne5.} Qd7+ 57. Kb6 Kxf7 {KQ-KQ} 58. Kc5 d3 {Strongly threatening ...d2.} 59. Qa2+ Qe6 60. Qd2 Qf5+ 61. Kd4 Qxf3 {Threatens to win with ...Ke6.} 62. Qxd3 Qf4+ 63. Qe4 Qxg5 64. Qc6 $2 {[%mdl 8192] [#]} (64. Qb7+ $11 Kf6 65. Qb6+ Kf5 66. Qb1+ Kf6 67. Qb6+ Kf5 68. Qb5+ Kf4 69. Qf1+ Kg3 70. Qg1+ Kh4 71. Qh1+ Kg3 72. Qg1+ Kh4 73. Qh2+ Kg4 74. Qe2+ Kh3 75. Qf1+ Kh2 76. Qf2+ Kh1 77. Qf3+ Kh2 78. Qf2+ Kh3 79. Qf1+ Kg3 80. Qg1+) 64... Qf6+ {Accuracy: White = 70%, Black = 69%.} 0-1

[Event "Portugal Open 2020"]
[Site "Lisbon"]
[Date "2020.01.28"]
[Round "5.15"]
[White "Sousa, Andre Ventura"]
[Black "Corbalan Gomez, Juan Jose"]
[Result "1-0"]
[WhiteElo "2391"]
[BlackElo "2243"]
[Annotator "TA"]
[PlyCount "67"]
[EventDate "2020.01.25"]
[EventType "swiss"]
[EventCountry "POR"]
[SourceTitle "playchess.com"]
[Source "ChessBase"]
[SourceQuality "1"]

{[%evp 22,77,114,106,167,172,168,151,176,129,136,129,320,328,328,316,316,319,291,45,113,122,123,123,170,172,345,348,436,491,470,497,490,487,476,473,506,502,458,472,556,557,488,360,1016,1032,1697,1498,6709,5812,29952,12274,10528,6771,11546,8925,5590,5139]} 1. e4 c5 2. Nf3 Nc6 3. d4 cxd4 4. Nxd4 Nf6 5. Nc3 d6 6. f3 g6 7. Be3 Bg7 8. Qd2 O-O 9. O-O-O Nxd4 10. Bxd4 Be6 11. Kb1 a6 12. h4 Re8 {[#] B76: Sicilian Dragon: Yugoslav Attack, 9 g4 and 9 0-0-0} (12... Qa5 $16) (12... b5 13. h5 {½-½ (13) Sedlak,N (2580)-Drazic,S (2501) Valjevo 2011}) 13. h5 $1 $18 {[%mdl 512]} Qa5 (13... Nxh5 14. Bxg7) 14. hxg6 $146 ({Predecessor:} 14. Bxf6 exf6 15. a3 Rac8 16. Nd5 Qc5 17. c3 f5 18. Bd3 Bxd5 19. exd5 Qxd5 20. Bc2 {½-½ (50) Brunner,N (2016)-Rabineau,C France 1999}) 14... fxg6 {White is clearly better.} 15. g4 Rac8 16. a3 b5 $2 (16... Rc6 $16 {was worth a try.} 17. Rh2 Rf8) 17. Bh3 Nd7 18. g5 (18. Bxg7 Kxg7 19. g5 Bxh3 $18) 18... Bxh3 19. Bxg7 (19. Rxh3 Bxd4 20. Qxd4 b4 $18) 19... Kxg7 20. Qh2 $2 ({White must play} 20. Rxh3 $18 Kg8 21. f4) 20... Nf8 (20... Rxc3 $1 $14 21. Qxh3 {[%mdl 64] Double Attack} (21. bxc3 Rh8 $11) 21... Rh8) 21. Qxh3 $16 Rxc3 22. bxc3 Qxa3 23. Rd3 $1 Rb8 $2 (23... e5 24. Qg4 (24. c4 Qb4+ 25. Rb3 Qxc4 $11) 24... Rb8) 24. f4 $18 Qc5 {[#]} 25. f5 $1 {[%cal Rf5g6]} (25. Rd5 Qc4 $16) 25... b4 {[#] intending ...bxc3+.} 26. c4 $1 {fxg6 is the strong threat.} b3 27. Rxb3 Rxb3+ 28. cxb3 {[%mdl 4096] Endgame KQR-KQN} Qe5 29. Qf3 a5 30. Rf1 {White threatens fxg6 and mate.} ({Weaker is} 30. fxg6 Nxg6 31. Rf1 Qe6 $18) 30... gxf5 31. exf5 Nd7 32. Qf2 {Strongly threatening Re1.} Nc5 $2 (32... Qe4+ 33. Kb2 Kf8) 33. Re1 Ne4 34. f6+ {Played: Qf2-e3} 1-0

[Event "Portugal Open 2020"]
[Site "Lisbon"]
[Date "2020.01.28"]
[Round "5.16"]
[White "Costa, Paulo"]
[Black "Vasli, Aref"]
[Result "0-1"]
[WhiteElo "2179"]
[BlackElo "2391"]
[Annotator "TA"]
[PlyCount "102"]
[EventDate "2020.01.25"]
[EventType "swiss"]
[EventCountry "POR"]
[SourceTitle "playchess.com"]
[Source "ChessBase"]
[SourceQuality "1"]

{[%evp 14,102,8,10,23,16,27,21,10,0,12,0,12,0,0,0,3,0,0,0,0,-30,-36,-47,-38,-45,-33,-27,-20,-60,-59,-160,-148,-463,-449,-510,-567,-556,-555,-513,-170,-161,-113,-95,0,-59,-55,-86,-85,-86,-86,-86,-86,-86,-81,-95,-89,-111,-112,-114,-114,-162,-85,-186,-186,-183,-175,-166,-122,-115,-110,-385,-384,-375,-371,-368,-366,-366,-347,-386,-381,-362,-353,-443,-438,-374,-420,-403,-399,-369,-364]} 1. Nf3 Nf6 2. g3 d5 3. Bg2 Bg4 4. O-O Nbd7 5. d3 c6 6. Nbd2 e5 7. h3 Bh5 8. e4 dxe4 {A07: Réti Opening: New York and Capablanca Systems} (8... Be7 9. Qe1 O-O 10. Nh4 Re8 11. Nf5 Bf8 12. Nb3 Qc7 13. a4 h6 14. Nh4 dxe4 15. dxe4 c5 16. Nd2 c4 17. Nb1 Nc5 18. g4 Bg6 19. Nxg6 fxg6 {1-0 (63) Malakhov,V (2712)-Rodshtein,M (2698) Chartres 2017}) 9. dxe4 Qc7 10. Qe1 a5 {The position is equal.} 11. a4 Bb4 12. c3 Be7 $146 ({Predecessor:} 12... Bc5 13. Nc4 O-O 14. b4 axb4 15. cxb4 Bxf3 16. Bxf3 {½-½ (27) Komljenovic,D (2514)-Barria Zuniga,D (2326) Alicante 2000}) 13. Nc4 O-O 14. Nh4 Rfd8 15. Nf5 Bf8 16. g4 Bg6 17. f4 Bxf5 18. exf5 {[%cal Rf4e5]} Re8 19. fxe5 Nxe5 {...Nf3+! is the strong threat.} 20. Qg3 Nd5 21. Nxe5 Rxe5 22. Qf3 (22. Kh1 $15 Rxf5 23. Qxc7 Rxf1+ 24. Bxf1 Nxc7 25. Bc4) 22... Rae8 $17 23. c4 $2 {[%mdl 8192]} (23. Kh1 $17 {is a better chance.}) 23... Ne3 $19 24. Bxe3 Rxe3 25. Qf4 Bd6 26. Qd4 Bh2+ $2 (26... Re2 {aiming for ...Bh2+.} 27. Rf2 R2e5) 27. Kh1 Qg3 {[#]} 28. Ra3 $1 {[%mdl 512]} h6 (28... Rxa3 $17 29. bxa3 Qb8) 29. Qd7 (29. Rxe3 $11 Rxe3 30. Qd8+ Kh7 31. f6) 29... Qc7 $40 {[%mdl 128] Black is up to no good.} 30. Qxc7 Bxc7 31. Rxe3 Rxe3 {[%mdl 4096] Endgame KRB-KRB} 32. Rf3 Re2 33. b3 Kf8 34. Kg1 Bb6+ 35. Kh1 Ke7 36. Bf1 Rb2 37. Rd3 {[#]} h5 $1 {[%mdl 512]} 38. g5 (38. gxh5 $17 {keeps fighting.} Bc5 39. Rf3) 38... Rf2 $19 39. f6+ gxf6 40. gxf6+ Rxf6 41. Be2 h4 42. Bg4 $2 {[%mdl 8192]} (42. Rf3 $17 {was necessary.}) 42... Rf1+ 43. Kg2 Rf2+ 44. Kh1 f5 45. Bh5 Rb2 46. Rf3 {[#]} Rb1+ $1 47. Kh2 {[#]} f4 $1 {[%mdl 512]} 48. Bg4 (48. Rxf4 Bc7) 48... Be3 49. Kg2 Rb2+ {Black is winning.} 50. Kh1 Rxb3 51. Rf1 Kd6 {Accuracy: White = 28%, Black = 75%.} 0-1

[Event "Portugal Open 2020"]
[Site "Lisbon"]
[Date "2020.01.28"]
[Round "5.17"]
[White "Mihajlov, Sebastian"]
[Black "Poysti, Nathanael"]
[Result "1-0"]
[WhiteElo "2374"]
[BlackElo "2203"]
[Annotator "TA"]
[PlyCount "141"]
[EventDate "2020.01.25"]
[EventType "swiss"]
[EventCountry "POR"]
[SourceTitle "playchess.com"]
[Source "ChessBase"]
[SourceQuality "1"]

{[%evp 21,141,9,3,-16,-6,-13,14,-20,3,-10,18,-43,-50,-39,-35,-26,0,0,0,0,0,0,0,0,0,0,-6,-13,-7,0,-1,0,-2,-9,-10,-8,-6,-100,-58,-68,-69,-71,-62,-53,-36,-44,-37,-56,12,12,12,11,17,6,17,17,27,28,31,31,29,41,51,45,41,39,70,63,241,241,259,243,245,251,577,569,579,569,569,569,569,569,569,569,12778,4722,29965,29965,29966,29967,29967,29968,29968,29969,29968,29968,29967,29967,29965,29963,29978,29979,29979,29980,29980,29981,29981,29982,29984,29985,29985,29984,29984,29984,29984,29985,29994,29995,29995,29996,29996,366]} 1. d4 Nf6 2. c4 e6 3. Nc3 d5 4. cxd5 exd5 5. Bg5 c6 6. e3 Be7 7. Bd3 Nbd7 8. Nge2 O-O 9. O-O Re8 10. Qc2 Nf8 11. Rae1 g6 12. h3 {D36: Queen's Gambit Declined: Exchange Variation: Main line (5 Bg5 c6 6 Qc2)} (12. f3 Ne6 13. Bh4 b6 14. Kh1 Bb7 15. Qb1 c5 16. dxc5 bxc5 17. Bb5 Rf8 18. Rd1 Qb6 19. e4 Nd4 20. e5 Nxb5 21. exf6 Nxc3 22. Nxc3 Bxf6 {1-0 (40) Kuzubov,Y (2643)-Omar,N (2379) Sharjah 2017}) 12... Ne6 13. Bh4 b5 $146 ({Predecessor:} 13... Ng7 14. f3 {1-0 (65) Giroux,R (1993)-Durette,F (1750) Montreal 2014}) 14. f3 {The position is equal.} a6 15. Kh1 Bb7 16. a3 ({White should try} 16. f4 $11) 16... c5 $15 17. dxc5 Nxc5 18. Rd1 Qb6 19. Nf4 Ncd7 20. Rfe1 Rac8 21. Bf1 Bc5 22. Qb3 {[%cal Rc3d5]} Rxe3 23. Rxe3 Bxe3 24. Nfxd5 Nxd5 25. Nxd5 Bxd5 26. Qxd5 Nf6 {[%cal Bd7f6,Bf6h5,Bh5g7,Bg7e6][%mdl 32]} 27. Qe5 Nh5 28. g4 Bf4 29. Qe1 (29. Qd4 $11 Ng3+ 30. Bxg3 Qxd4 31. Rxd4 Bxg3 32. a4) 29... Ng7 30. Qe4 Ne6 31. Be1 Bb8 {Hoping for ...Ba7.} 32. Bc3 Rd8 33. Rxd8+ Qxd8 34. Qc6 Nf8 ({Better is} 34... h6 $1 $15) 35. Qf6 $11 (35. Qxa6 {gets mated.} Qc7 36. Qd6 Qxd6 37. Be5 Qxe5 38. f4 Qxf4 39. Kg2 Qg3+ 40. Kh1 Qh2#) 35... Qxf6 36. Bxf6 {[%mdl 4096] Endgame KBB-KBN} Nd7 37. Be7 Be5 38. b3 Bc3 39. Kg2 f6 40. a4 bxa4 41. Bc4+ Kg7 42. bxa4 a5 43. f4 h6 44. Kf3 g5 $2 (44... f5 $14) 45. Bb5 $1 $18 {[%cal Rb5d7]} Nb6 {[#]} 46. Ke4 $1 gxf4 {[#]} 47. Bc5 $1 {[%cal Rc5b6]} Nxa4 $2 (47... Na8 {is tougher.} 48. Kxf4 Nc7) 48. Bxa4 Kg6 49. Kxf4 Be5+ 50. Kf3 Kg7 51. Bb6 Bc3 52. Kf4 h5 53. Kf5 hxg4 54. hxg4 {White mates.} Kf7 55. Bd8 Kg7 56. Bb3 Bb2 57. Bxa5 Ba1 58. Bb6 Bc3 59. Be6 Bb2 60. Ke4 Bc3 61. Bd4 Bd2 62. Kf5 Bg5 63. Ba2 Bh4 64. Ke6 Bg5 65. Bb1 Bh4 66. Bc3 Bg5 67. Ke7 Bh4 68. Ke8 Bf2 69. g5 Bh4 70. Bxf6+ Kg8 71. Ba2+ {Accuracy: White = 74%, Black = 45%.} 1-0

[Event "Portugal Open 2020"]
[Site "Lisbon"]
[Date "2020.01.28"]
[Round "5.18"]
[White "Tscharotschkin, Michael"]
[Black "Soham Das"]
[Result "0-1"]
[WhiteElo "2156"]
[BlackElo "2355"]
[Annotator "TA"]
[PlyCount "88"]
[EventDate "2020.01.25"]
[EventType "swiss"]
[EventCountry "POR"]
[SourceTitle "playchess.com"]
[Source "ChessBase"]
[SourceQuality "1"]

{[%evp 9,88,16,28,3,17,0,15,16,10,0,43,48,38,0,0,0,-14,-31,45,34,182,170,174,175,199,200,208,200,205,194,172,153,154,138,133,105,175,126,135,134,133,125,193,185,145,165,141,111,114,116,134,49,49,49,66,68,72,70,76,39,43,67,96,43,97,47,97,85,89,43,73,77,77,79,118,50,56,41,47,0,0]} 1. e4 c5 2. c3 d5 3. exd5 Nf6 4. d4 Nxd5 5. Nf3 e6 6. Nbd2 {B22: Sicilian: 2 c3} cxd4 7. Nxd4 a6 8. N2f3 Bd6 $146 ({Predecessor:} 8... Qc7 9. Bd3 g6 10. O-O Bg7 11. Qa4+ Nd7 12. Nb3 O-O 13. Qh4 Re8 14. Bh6 Nf8 {½-½ (29) Dragun,K (2595)-Erdos,V (2577) Katowice 2016}) 9. Bd3 Nf4 10. Bxf4 Bxf4 11. Qa4+ Bd7 12. Qb4 Qc7 13. Be4 Ra7 (13... f5 $15 14. Bd3 (14. Bxb7 Ra7 $17) 14... Nc6) 14. Rd1 $40 {[%mdl 128] White mounts an attack.} g6 (14... a5 $14 15. Qb3 a4) 15. Ne2 $18 Be5 16. Nxe5 Qxe5 17. Qb6 Qxe4 18. Qxa7 O-O 19. f3 Qc2 20. Qxb7 Bb5 {[%csl Gb5][%cal Rc2e2] [#]} 21. Qe4 Qxb2 22. a4 Bc6 (22... Bxe2 $16 {keeps fighting.} 23. Qxe2 Qxc3+ 24. Qd2 Qc4) 23. Qc4 Bd5 24. Qb4 Qa2 25. Kf2 Bc4 (25... Nc6 $16 {was called for.} 26. Qf4 Bc4) 26. Rhe1 Nc6 27. Qc5 Qxa4 28. Ra1 Qb5 29. Qxb5 axb5 30. Nd4 (30. Ng3 $16) 30... Nxd4 $14 31. cxd4 {[%mdl 4096] Endgame KRR-KRB} Bd5 32. Reb1 Rb8 {[#]} 33. Rb4 $1 Bc4 34. Ra7 Rd8 35. Ke3 g5 36. Rb1 ({White should play} 36. Rb2 $16) 36... Rd5 (36... Kg7 $14) 37. Ke4 Rf5 38. Rb2 Kg7 39. Rc7 Kg6 40. Rc5 {aiming for Rxf5.} Rf4+ 41. Ke3 h5 42. Rb1 ({White should try} 42. g3 $16 Rf5 43. h4) 42... Rh4 43. h3 g4 44. Ra1 gxf3 {[%mdl 32768] Accuracy: White = 34%, Black = 42%. . Loss on time!?} 0-1

[Event "Portugal Open 2020"]
[Site "Lisbon"]
[Date "2020.01.28"]
[Round "5.19"]
[White "Plichta, Kamil"]
[Black "Hulshof, Peter"]
[Result "1-0"]
[WhiteElo "2353"]
[BlackElo "2192"]
[Annotator "TA"]
[PlyCount "69"]
[EventDate "2020.01.25"]
[EventType "swiss"]
[EventCountry "POR"]
[SourceTitle "playchess.com"]
[Source "ChessBase"]
[SourceQuality "1"]

{[%evp 10,69,56,40,62,49,42,33,29,12,16,11,14,11,20,16,42,0,10,0,68,47,91,66,81,41,43,33,43,22,18,33,20,7,46,59,170,26,152,72,175,0,129,129,168,145,183,176,386,383,392,390,383,368,399,396,391,382,527,520,556,525]} 1. d4 g6 2. e4 Bg7 3. c3 c6 4. Bd3 d5 5. Nd2 dxe4 6. Nxe4 Nf6 {B12: Caro-Kann: Advance Variation} (6... Bf5 7. Nf3 Nd7 8. Qe2 Bxe4 9. Bxe4 Ngf6 10. Bc2 Qc7 11. O-O e6 12. Re1 O-O 13. Bg5 a5 14. a4 Nd5 {1-0 (41) Cheparinov,I (2693)-Minasian,A (2467) Batumi 2018}) 7. Nxf6+ exf6 8. Nf3 O-O {White is slightly better.} 9. O-O Be6 10. Re1 Nd7 11. Bf4 $36 {[%mdl 2048] White has good play.} Qb6 $146 ({Predecessor:} 11... Re8 12. h3 Nb6 13. Bg3 Bh6 14. Qc2 Nd5 15. Rad1 Nf4 16. Bxf4 Bxf4 17. c4 Qc7 18. b4 a6 19. a4 {½-½ (19) Castiglione,M (2280)-Balogh,T (2350) Slovakia 2009}) 12. Qc2 Rac8 13. h4 c5 14. h5 cxd4 ({Black should play} 14... f5 $11) 15. Nxd4 Ne5 16. Nxe6 Qxe6 17. hxg6 hxg6 18. Be4 b6 19. Qb3 Qg4 20. Bxe5 fxe5 21. a4 Kh8 22. a5 f5 (22... Rb8 $14) 23. Bf3 (23. Bd5 $18 Bf6 24. axb6 axb6 25. Re3 (25. Qxb6 Rcd8 $18)) 23... Qf4 {[#]} (23... Qc4 $11 24. Qxc4 Rxc4) 24. axb6 ({White should try} 24. Re3 $1) 24... axb6 {[#]} (24... e4 $16) 25. Qxb6 $2 (25. Re3 $1 $18) 25... Rb8 (25... e4 $1 $11 {remains equal.}) 26. Qxg6 $16 {aiming for Ra7.} Rf6 27. Qh5+ Rh6 28. g3 Qd2 $2 (28... Rxh5 {might work better.} 29. gxf4 Rh6) 29. Qxf5 $18 Rf8 30. Qe4 Rhf6 31. Re2 Qd6 32. Ra8 Rxa8 33. Qxa8+ Rf8 34. Qe4 Rd8 35. Kg2 {Accuracy: White = 43%, Black = 24%.} 1-0

[Event "Portugal Open 2020"]
[Site "Lisbon"]
[Date "2020.01.28"]
[Round "5.20"]
[White "Garcia Dorado, Alberto"]
[Black "Taboas Rodriguez, Daniel"]
[Result "0-1"]
[WhiteElo "2152"]
[BlackElo "2348"]
[Annotator "TA"]
[PlyCount "40"]
[EventDate "2020.01.25"]
[EventType "swiss"]
[EventCountry "POR"]
[SourceTitle "playchess.com"]
[Source "ChessBase"]
[SourceQuality "1"]

{[%evp 9,42,7,-12,-32,-23,-33,-7,-10,-5,-8,0,-23,10,-91,-87,-125,-109,-140,-127,-127,-135,-143,-142,-135,-124,-129,-133,-227,-233,-395,-388,-380,-235,-1303,-1266]} 1. d4 Nf6 2. c4 b6 3. f3 Nc6 (3... Bb7 4. e4 e6 5. Nc3 d5 6. cxd5 exd5 7. e5 Nfd7 8. f4 c5 9. Nf3 Nc6 10. Be3 cxd4 11. Nxd4 Bc5 12. Bb5 Nxd4 13. Bxd4 {1-0 (34) Sarana,A (2663)-Mamedyarov,S (2772) Moscow 2019}) 4. d5 Ne5 5. e4 e6 6. Bf4 {A50: Queen's Fianchetto Defence (1 d4 Nf6 2 c4 b6)} Ng6 7. Be3 Bc5 $146 (7... Bb4+ {looks sharper.} 8. Nc3 O-O 9. Nge2 c6 10. a3 Bd6) ({Predecessor:} 7... Bb4+ 8. Nc3 Bxc3+ 9. bxc3 d6 10. Nh3 O-O 11. Nf2 {0-1 (25) Carron,J (2369)-Bauer,C (2619) Graechen 2013}) 8. Bxc5 {The position is equal.} bxc5 9. Nc3 O-O 10. Bd3 Rb8 {[%cal Ba8b8,Bb8b2,Bb2b4][%mdl 32]} 11. Nge2 (11. b3 $11 {keeps the balance.}) 11... Rxb2 $17 12. Na4 Rb4 $36 {[%mdl 2048] Black is on the roll.} 13. Nxc5 {[#]} c6 $1 14. Qd2 Qb6 15. Nb3 cxd5 16. exd5 {[#]} d6 $1 {Strongly threatening ...Ne5.} ({Much less strong is} 16... exd5 17. c5 $15) 17. Bxg6 hxg6 18. Rc1 (18. dxe6 $17 Bxe6 19. Qd4) 18... exd5 $19 19. cxd5 $2 (19. Qd4 {was the only defense.}) 19... Bb7 20. Nbd4 Nxd5 {Played: Rf8-e8} 0-1

[Event "Portugal Open 2020"]
[Site "Lisbon"]
[Date "2020.01.28"]
[Round "5.20"]
[White "Garcia Dorado, Alberto"]
[Black "Taboas Rodriguez, Daniel"]
[Result "*"]
[WhiteElo "2152"]
[BlackElo "2348"]
[Annotator "RC"]
[PlyCount "42"]
[EventDate "2020.01.25"]
[EventType "swiss"]
[EventCountry "POR"]
[SourceTitle "playchess.com"]
[Source "ChessBase"]
[SourceQuality "1"]
[TimeControl "5400+30"]

1. d4 {[%emt 0:00:00]} Nf6 {[%emt 0:00:00]} 2. c4 {[%emt 0:00:05]} b6 {[%emt 0:00:00]} 3. f3 {[%emt 0:02:04]} Nc6 {[%emt 0:00:00]} 4. d5 {[%emt 0:14:32]} Ne5 {[%emt 0:00:18]} 5. e4 {[%emt 0:00:27]} e6 {[%emt 0:00:32]} 6. Bf4 {[%emt 0:01:14]} Ng6 {[%emt 0:04:56]} 7. Be3 {[%emt 0:00:14]} Bc5 {[%emt 0:00:30]} 8. Bxc5 {[%emt 0:01:58]} bxc5 {[%emt 0:00:05]} 9. Nc3 {[%emt 0:00:09]} O-O {[%emt 0:00:19]} 10. Bd3 {[%emt 0:01:23]} Rb8 {[%emt 0:16:24]} 11. Nge2 {[%emt 0:02:14]} Rxb2 {[%emt 0:01:40]} 12. Na4 {[%emt 0:01:08]} Rb4 {[%emt 0:00:43]} 13. Nxc5 {[%emt 0:01:55]} c6 {[%emt 0:04:03]} 14. Qd2 {[%emt 0:01:33]} Qb6 {[%emt 0:01:03]} 15. Nb3 {[%emt 0:00:14]} cxd5 {[%emt 0:00:51]} 16. exd5 {[%emt 0:00:22]} d6 {[%emt 0:02:21]} 17. Bxg6 {[%emt 0:00:39]} hxg6 {[%emt 0:00:24]} 18. Rc1 {[%emt 0:01:31]} exd5 {[%emt 0:03:45]} 19. cxd5 {[%emt 0:00:25]} Bb7 {[%emt 0:03:26]} 20. Nbd4 {[%emt 0:06:29]} Re8 {[%emt 0:06:59]} 21. Rd1 {[%emt 0:05:57]} Ba6 {[%emt 0:01:28]} *

[Event "Portugal Open 2020"]
[Site "Lisbon"]
[Date "2020.01.28"]
[Round "5.21"]
[White "Rocha, Sergio"]
[Black "Pires, Emanuel Joao Robarts"]
[Result "1-0"]
[WhiteElo "2343"]
[BlackElo "2112"]
[Annotator "TA RC"]
[PlyCount "85"]
[EventDate "2020.01.25"]
[EventType "swiss"]
[EventCountry "POR"]
[SourceTitle "playchess.com"]
[Source "ChessBase"]
[SourceQuality "1"]

{[%evp 9,112,20,37,39,35,35,40,42,40,41,36,16,39,25,25,8,79,72,85,56,62,0,0,-30,44,51,54,43,53,52,46,47,53,46,48,48,50,31,114,-10,75,-18,77,0,52,56,71,62,87,88,108,95,93,93,90,101,71,81,101,102,95,96,109,83,139,137,149,142,208,198,225,248,302,312,335,337,334,299,813,777,743,718,716,985,942,871,1147,1130,1847,1742,2320,2214,4778,4066,3717,2804,29990,29991,29991,29992,29996,29997,29997,29998,29999]} 1. Nf3 d5 2. d4 Nc6 3. Bf4 Nf6 4. Nbd2 Bf5 (4... Bg4 5. e3 e6 6. Be2 Bd6 7. Bg3 O-O 8. O-O Ne7 9. c4 c6 10. Qb3 Ne4 11. Rfd1 Nxg3 12. hxg3 Rb8 13. e4 dxe4 14. Nxe4 {0-1 (22) Baskin,R (2398)-Voege,T (2294) Magdeburg 2019}) 5. e3 Nb4 6. Bb5+ {D02: 1 d4 d5 2 Nf3 sidelines, including 2...Nf6 3 g3 and 2...Nf6 3 Bf4} c6 7. Ba4 e6 8. a3 {White is slightly better.} Na6 9. O-O Bd6 $146 ({Predecessor:} 9... Be7 10. Bb3 O-O 11. c4 b5 12. c5 Ng4 {0-1 (24) Panic,A-Narva,T Budva 2003}) 10. Ne5 O-O 11. Qe2 Bxe5 12. Bxe5 Qa5 (12... Nb8 $11 {keeps the balance.}) 13. Bb3 $16 Nd7 14. Bd6 Rfd8 15. Nf3 ({White should try} 15. c4 $14) 15... c5 $11 16. Nh4 (16. Bg3 {with more complications.} c4 17. Ba2 h6 18. Rfc1 Nf6 19. Be5) 16... Bg6 (16... c4 $11 17. Nxf5 cxb3) 17. Nxg6 hxg6 18. Bg3 Rac8 19. c3 Nc7 20. Bc2 Ne8 21. f3 Qb6 22. Rab1 Nd6 23. Bf2 e5 (23... a6 $14) 24. Rfd1 (24. Bh4 $16) 24... Qc6 (24... cxd4 $11 25. exd4 e4) 25. Bb3 (25. dxe5 $16 Nxe5 26. Bb3) 25... c4 (25... cxd4 $1 $11 {remains equal.} 26. exd4 e4) 26. Bc2 (26. dxe5 $16 Nxe5 27. Bc2) 26... exd4 (26... e4 $1 $11) 27. Rxd4 $14 Nf6 28. Rbd1 Qb6 29. Bb1 Qc6 30. Bh4 Nb5 31. R4d2 Nc7 32. e4 Re8 {[%cal Rd5e4]} 33. e5 Nd7 34. f4 Nc5 35. Qe3 b6 36. h3 Qe6 ({Better is} 36... f5) 37. Qf3 $16 a5 38. Re2 Rb8 (38... f5 $16 39. g4 Ne4) 39. g4 $18 Nd7 40. Rde1 b5 41. f5 gxf5 42. gxf5 ({Less strong is} 42. Bxf5 Qc6 $14) 42... Qh6 43. Qg3 {Played: Qf3-g4} 1-0